The constitutions of the Americas, as of January 1, 1948 / (Record no. 5281)
[ view plain ]
| 000 -LEADER | |
|---|---|
| fixed length control field | 00909cam a22002771 4500 |
| 001 - CONTROL NUMBER | |
| control field | 5281 |
| 003 - CONTROL NUMBER IDENTIFIER | |
| rucl marc code | BD-RjUL |
| 005 - DATE AND TIME OF LATEST TRANSACTION | |
| control field | 20211208234037.0 |
| 008 - FIXED-LENGTH DATA ELEMENTS--GENERAL INFORMATION | |
| fixed length control field | 131224s1948 ilu b 001 0 eng d |
| 035 ## - SYSTEM CONTROL NUMBER | |
| System control number | (BD-RjUL) 5317 |
| System control number | (OCoLC)812262 |
| 040 ## - CATALOGING SOURCE | |
| Original cataloging agency | DLC |
| Transcribing agency | ODaU |
| Modifying agency | OCoLC |
| -- | DLC |
| -- | (BD-RjUL) |
| Language of cataloging | eng |
| 041 ## - LANGUAGE CODE | |
| Language code of text/sound track or separate title | eng |
| 082 ## - DEWEY DECIMAL CLASSIFICATION NUMBER | |
| Classification number | 342.8 |
| Author mark and year | CON |
| 100 1# - MAIN ENTRY--PERSONAL NAME | |
| Dates associated with a name | 1902-1979, |
| 9 (RLIN) | 10190 |
| 245 14 - TITLE STATEMENT | |
| Title | The constitutions of the Americas, as of January 1, 1948 / |
| Statement of responsibility, etc. | Editor-in-chief, Russell H. Fitzgibbon; associate editors, Cullen B. Gosnell [and others] |
| 260 ## - PUBLICATION, DISTRIBUTION, ETC. (IMPRINT) | |
| Place of publication, distribution, etc. | Chicago : |
| Name of publisher, distributor, etc. | Univ. of Chicago Press, |
| Date of publication, distribution, etc. | [1948] |
| 300 ## - PHYSICAL DESCRIPTION | |
| Pagination | xx, 847 p. ; |
| Size | 24 cm. |
| 504 ## - BIBLIOGRAPHY, ETC. NOTE | |
| Bibliography, etc | Bibliography: p. 819-824. |
| 650 #0 - SUBJECT ADDED ENTRY--TOPICAL TERM | |
| Topical term or geographic name as entry element | Constitutions. |
| 9 (RLIN) | 16605 |
| 651 #0 - SUBJECT ADDED ENTRY--GEOGRAPHIC NAME | |
| Geographic name | America |
| General subdivision | Politics and government. |
| 9 (RLIN) | 16606 |
| Geographic name | Latin America |
| General subdivision | Politics and government. |
| 9 (RLIN) | 16607 |
| 942 ## - ADDED ENTRY ELEMENTS (KOHA) | |
| Source of classification or shelving scheme | Dewey Decimal Classification |
| Koha item type | Books |
| Lost status | Source of classification or shelving scheme | Damaged status | Not for loan | Collection code | Permanent Location | Current Location | Shelving location | Date acquired | Source of acquisition | Total Checkouts | Full call number | Date last seen | Copy number | Koha item type |
|---|---|---|---|---|---|---|---|---|---|---|---|---|---|---|
| Dewey Decimal Classification | Not For Loan | Non-fiction | Central Library, University of Rajshahi | Central Library, University of Rajshahi | 28/02/1958 | U.S.I.S Dhaka gift | 342.8 CON 1948 | 24/12/2013 | C-1 | Books |